000 00692nam a2200217 i 4500
001 12644
003 ES-MaACL
005 20230906150350.0
007 t|
008 880609s1987 sp ||||0| spa j ..|
015 _a1988-SEP-15773
016 7 _zSAB9000022719
040 _aM-BN-DP
_bspa
_cM-BN-DP
080 _a820(73)-22"19"
100 1 _aRyan, Diana.
_9101096
245 1 3 _aLa promesa
_b: juguete cómico en 1 acto, dividido en 2 escenas /
_cDiana Ryan ; traducción y adaptación, Julia García Verdugo.
260 _a[Madrid?] :
_bJ. García,
_cD.L. 1987.
300 _a10 p. ;
_c21 cm.
700 1 _aGarcía Verdugo, Julia.
_955396
852 _aES-MaACL
_j2150-F-17
_bR.116905
999 _c12644
_d12644